[Event "Khanty-Mansiysk ol (Men) 39th"]
[Site "Khanty-Mansiysk"]
[Date "2010.09.24"]
[Round "4.1"]
[White "Ivanchuk, Vassily"]
[Black "Beliavsky, Alexander G"]
[Result "1-0"]
[WhiteElo "2754"]
[BlackElo "2632"]
[Annotator "Ftacnik,L"]
[PlyCount "49"]
[EventDate "2010.09.21"]
[EventType "team-swiss"]
[EventRounds "11"]
[EventCountry "RUS"]
[Source "ChessBase"]
[SourceDate "2010.11.18"]
[WhiteTeam "Ukraine"]
[BlackTeam "Slovenia"]
[WhiteTeamCountry "UKR"]
[BlackTeamCountry "SLO"]

1. c4 c6 2. e4 d5 3. exd5 cxd5 4. d4 Nf6 5. Nc3 Nc6 6. Bg5 dxc4 7. Bxc4 Nxd4 $6
{Beliavsky is taking a central pawn in a position in which the opponent can
claim an advantage in development and very good compensation. The choice of
opening against the extremely strong Ivanchuk is hard to understand. The move
7...Qxd4 has a somewhat better reputation, but the defender would have to
defend the dangerous position with extreme precision.} (7... Qxd4 8. Qxd4 Nxd4
9. O-O-O e5 10. f4 $1 (10. Nf3 Nxf3 11. gxf3 Be7 12. Rhe1 O-O 13. Rxe5 Bd8 $11)
10... Bg4 11. Nf3 Bxf3 $1 {It is one of the opening paradoxes that at this
moment giving up the bishop offers better defensive prospects.} (11... Nxf3 $2
12. gxf3 Bxf3 (12... Be6 13. Bd3 Be7 14. f5 Bd7 15. Rhe1 O-O-O 16. Rxe5 Bd6 17.
Re2 Bc6 18. Ne4 Be5 19. Bh4 Rd5 20. Nxf6 gxf6 21. Be4 Rxd1+ 22. Kxd1 Bxe4 23.
fxe4 {1/2-1/2 Polgar,J (2727)-Bareev,E (2643)/Elista 2007 (56)}) 13. fxe5 (13.
Rhe1 Bxd1 14. Bb5+ Kd8 15. Rxd1+ Kc7 16. fxe5 h6 17. Be3 Ng4 18. Rd7+ Kc8 19.
Bd4 a6 20. Nd5 axb5 21. Nb6+ Kb8 22. Nxa8 Bc5 23. Bxc5 Rc8 24. b4 Kxa8 25. Rxf7
b6 26. Rf8 Rxf8 27. Bxf8 Nxe5 28. Bxg7 Nf3 {1/2-1/2 Kortschnoj,V (2598)
-Fridman,D (2640)/Baku 2008 (31)}) 13... Bxh1 {A truly fascinating position in
this opening. In order to prove his superiority White has to play rather
forcefully.} (13... Bxd1 $2 14. Rxd1 $18) (13... Nd7 14. Rhf1 Rc8 15. e6 (15.
Bb3 Bh5) 15... fxe6 16. Bxe6 Rxc3+ 17. bxc3 Ba3+ 18. Kc2 Bxd1+ 19. Rxd1 Nf6 20.
Bxf6 gxf6 21. Rd7 $16) 14. exf6 Rc8 $1 (14... Bc6 $2 15. Nb5 $18) (14... h6 15.
Nb5 Rc8 16. fxg7 Bxg7 17. Nd6+ Kd7 18. Nxc8+ Kxc8 19. Rxh1 {1/2-1/2 Pavlov,S 
(2508)-Kovalev,D (2460)/Alushta 2010}) 15. Re1+ Kd7 16. Rd1+ $1 {This move was
discovered by Grischuk, it robs the defender of real chances to level the
situation.} (16. Bxf7 Rxc3+ 17. bxc3 Ba3+ 18. Kc2 gxf6 19. Be6+ Kc7 20. Bxf6
Re8 $11 {Mainka,G-Buecker,P/Dortmund 1989}) 16... Bd6 (16... Ke8 17. Bd3 $1 (
17. Bf1 g6 18. Re1+ Kd8 $11) (17. Be2 h6 18. Bh4 g5 19. Bg3 Be4 20. Bg4 Rxc3+
21. bxc3 Ba3+ 22. Kd2 h5 23. Ke3 Bc2 24. Bd7+ Kf8 25. Re1 Kg8 26. Kd2 Bg6 {0-1
Jakovenko,D (2691)-L'Ami,E (2594)/Wijk aan Zee 2007 (45)}) 17... Rxc3+ (17...
Bd5 $2 18. Kb1 Rxc3 19. Bb5+ $3 Rc6 20. Rxd5 g6 21. Bf4 $18 {/\Bc7}) 18. bxc3
Bc6 19. Bc4 (19. Bb5 $1 Ba3+ 20. Kc2 Rg8 21. fxg7 f6 22. Bxc6+ bxc6 23. Bxf6
$18) 19... Ba3+ 20. Kc2 g6 21. Kb3 Bc5 22. Re1+ Kd7 23. Bxf7 $16) 17. Be2 gxf6
18. Bxf6 Bg2 19. Be5 Ke6 20. Bxd6 Rhd8 21. Bg3 Rxd1+ 22. Kxd1 a6 23. Kd2 Kf5 $2
(23... f5 24. Ke3 b5 25. a3 $18 {/\Bd3, Kf4}) 24. Bd3+ Kg4 25. Nd1 $1 Kg5 26.
Bxh7 {1-0 Grischuk,A (2704)-Bareev,E (2715)/Moscow 2004/ (55)}) 12. gxf3 Rc8 $1
(12... O-O-O 13. fxe5 Nxf3 14. Rxd8+ Kxd8 15. Rd1+ Kc8 {Stein,B-Speckner,R/
Dortmund 1993/} 16. Bxf6 $1 gxf6 17. exf6 $14) 13. fxe5 Rxc4 14. exf6 g6 (14...
Ne6 15. Rhe1 Rc8 $2 (15... g6) 16. Kb1 h6 $2 (16... g6 $1 $14) 17. Be3 $16 {
Black is behind in development and will suffer against the centralised enemy
forces.} gxf6 (17... a6 18. Nd5 g6 19. Bf4 $1 Bc5 20. b4 $1 Bf2 21. Re4 $18 {
/\Nc7}) 18. Nd5 Be7 (18... Bc5 19. Nxf6+ Ke7 20. Nd5+ Kf8 21. Bxc5+ Rxc5 22. f4
$16 {/\f5}) 19. Bxa7 Rg8 20. Rd3 Rg2 21. Rb3 Rxh2 22. Rxb7 Bd6 23. Nxf6+ Kf8
24. a4 $18 {1-0 Nielsen,P (2625)-Dominguez Perez,L (2603)/Esbjerg 2003/ (41)})
15. Be3 $5 $146 {An important novelty, that has never been played in praxis.} (
15. Rhe1+ Ne6 16. Kb1 (16. Rxe6+ fxe6 17. f7+ Kxf7 18. Rd7+ Kg8 19. Bf6 b5 20.
Kd1 Rf4 21. Ne4 Rxf3 $17 {Vrenegoor,T-Van Wely,L/NED 1993}) 16... Rc6 $1 (16...
Bb4 $6 17. Re4 Rxe4 18. Nxe4 $16) 17. Nd5 Bd6 18. Bh6 (18. Ne7 Ra6 (18... Bxe7
$2 19. fxe7 Rc8 20. Bf6 Rg8 21. f4 $18) 19. Nc8 Kd7 $1 20. Nxd6 Rxd6 $10) 18...
Kd7 19. Re2 Rd8 $11 {0,5 Hansen,S-Nielsen,P/Copenhagen 1996 (25)}) 15... Ne6 $8
16. Kb1 $1 {This fine retreat is vital in the fight for an advantage.} (16.
Bxa7 Bb4 $10) 16... Bc5 17. Bxc5 Nxc5 18. Rhe1+ Ne6 19. Re4 $16) 8. Nf3 Nxf3+
9. Qxf3 Qc7 {The defensive task is probably more than any human player could
manage; White is simply too active. In the games played so far results for
Black have been pretty depressing.} (9... a6 10. O-O e6 (10... Qc7 11. Bb3 Bg4
12. Ba4+ Bd7 13. Bxd7+ Qxd7 (13... Nxd7 14. Nd5 Qd8 15. Rac1 Ne5 16. Qb3 Rc8
17. Qxb7 Nc4 18. Rfd1 Nd6 19. Rxc8 Nxb7 20. Nc7# {1-0 Jakobsen,P (2206)
-Pedersen,F (2300)/DEN 2007}) 14. Bxf6 gxf6 15. Rad1 Qc6 16. Nd5 Rd8 17. Rfe1
Rd6 18. Re3 (18. Qf4 $2 Rxd5 19. Qb8+ Kd7 20. Rxd5+ Qxd5 {0-1 Tan,Z (2353)
-Shen,Y (2439)/Beijing 2008 (55)}) 18... e6 19. Rc3 $18) 11. Rfd1 Qc7 12. Rac1
Be7 13. Nd5 Nxd5 14. Bxd5 Qb6 15. Bxe7 Kxe7 16. Qa3+ Ke8 17. Bb3 Bd7 18. Rd6
Bc6 19. Rcd1 Qc7 20. Qc5 Rc8 21. Qg5 Kf8 22. Qc5 Qe7 23. h3 h5 24. Ba4 Rh6 25.
Rd8+ {1-0 Obodchuk,A (2430)-Pronin,V/Policka 1995}) 10. Bb5+ Bd7 11. O-O Bc6 {
If the defender has to make the bishop move to c6 the omens are dark for Black.
He is well behind in development as it is..} (11... e6 12. Rac1 Bc6 13. Bxf6
gxf6 14. Ne4 Be7 15. Rxc6 bxc6 16. Bxc6+ Kf8 17. Bxa8 f5 18. Qc3 Qxc3 19. Nxc3
Bf6 20. Bc6 {1-0 Harikrishna,P (2563)-Murariu,A (2347)/Nakhchivan 2003 (23)}) (
11... Bxb5 12. Nxb5 Qb6 13. a4 a6 (13... e6 14. Be3 Qd8 15. Qxb7 Rb8 16. Qxa7
Nd5 17. Rfd1 Be7 18. Bc5 Rc8 19. Rxd5 exd5 20. Re1 O-O 21. Bxe7 Re8 22. Kf1 {
1-0 Brustkern,J (2240)-Duong The Anh (2287)/Budapest 2006}) 14. Be3 Qd8 15.
Rfd1 Nd7 16. Qxb7 axb5 17. Rxd7 Qc8 18. a5 b4 19. a6 Qxb7 20. Rxb7 e5 21. a7
Bd6 22. Ra6 {1-0 Gipslis,A (2445)-Schulze,H (2235)/Biel 1995}) 12. Bxf6 gxf6 (
12... exf6 $2 13. Rfe1+ Be7 14. Nd5 $18) 13. Rad1 e6 14. Nd5 $5 {Ivanchuk was
surely capable of finding a sensible solution after the tempting move 14.Qxf6,
but the position was probably not clear enough for his taste. The solution in
the game seems to be less penetrating, but also very unpleasant for Beliavsky.}
(14. Qxf6 Rg8 15. Nd5 Qd6 (15... exd5 16. Rfe1+ Be7 17. Bxc6+ bxc6 18. Rxe7+
Qxe7 19. Qxc6+ Kf8 20. Qxa8+ Kg7 21. Qxd5 $18) (15... Qd7 16. Nf4 Bd6 17. Rfe1
Bxb5 18. Nxe6 Be7 19. Ng7+ Kf8 20. Qh6 Rxg7 21. Rxd7 Bxd7 22. Rxe7 Kxe7 23.
Qxg7 $18) 16. Nf4 Be7 17. Qh6 Qe5 18. Bxc6+ bxc6 19. Qxh7 Rg4 20. Nd3 Qf6 21.
f4 $16) 14... O-O-O (14... exd5 15. Qxf6 (15. Rfe1+ Be7 16. Qxf6 O-O-O 17. Rxe7
Qd6 18. Qxd6 Rxd6 19. Bd3 Rf6 20. f3 $16) 15... Bg7 (15... Rg8 16. Rfe1+ Be7
17. Bxc6+ bxc6 18. Rxe7+ $18) 16. Qxg7 O-O-O 17. Bxc6 bxc6 18. Rd3 $16) 15.
Bxc6 (15. Qxf6 $6 Bxd5 16. Qxh8 Qxh2+ 17. Kxh2 Bd6+ 18. g3 Rxh8 $14) 15... exd5
(15... Qxc6 16. Rc1 Bc5 17. Ne7+ $18) 16. Bxd5 Kb8 17. Rc1 Qd7 18. Rcd1 {The
only mysterious move in an otherwise swift game. White is ready to repeat the
moves in the hope of finding an improvement after the possible 18...Qc7.} (18.
Rfd1 Bd6 19. Qxf6 Rhe8 20. g3 Be5 21. Qf3 $16) 18... Be7 (18... Qc7 19. g3 Bc5
20. Rc1 $16) 19. g3 Qc7 20. Rc1 Qd7 21. Rfd1 (21. Bxf7 Qd3 22. Qf4+ $16) 21...
Rc8 (21... Qb5 22. Rc3 Rd7 23. Rb3 Qa6 24. Qf4+ Ka8 25. Rc3 $18) 22. Bxb7 $1 {
The final combination is for Black a merciful shortcut to the finish in a very
unpleasant position.} (22. Bxf7 Rxc1 23. Rxc1 Qd4 24. Rc3 $16) 22... Rxc1 (
22... Qxb7 23. Qxb7+ Kxb7 24. Rd7+ Kb6 25. Rxc8 Rxc8 26. Rxe7 $18) 23. Rxc1
Qxb7 24. Qf4+ Ka8 25. Rc7 (25. Rc7 Qb4 26. Qe3 Bc5 27. Rxc5 Qb7 28. Qc1 $18)
1-0

[Event "Khanty-Mansiysk ol (Men) 39th"]
[Site "Khanty-Mansiysk"]
[Date "2010.09.29"]
[Round "8.4"]
[White "Efimenko, Zahar"]
[Black "Malakhov, Vladimir"]
[Result "1-0"]
[WhiteElo "2683"]
[BlackElo "2725"]
[Annotator "Efimenko,Z"]
[PlyCount "111"]
[EventDate "2010.09.21"]
[EventType "team-swiss"]
[EventRounds "11"]
[EventCountry "RUS"]
[Source "ChessBase"]
[SourceDate "2010.11.18"]
[WhiteTeam "Ukraine"]
[BlackTeam "Russia"]
[WhiteTeamCountry "UKR"]
[BlackTeamCountry "RUS"]

1. e4 e5 2. Nf3 Nc6 3. Bb5 Nf6 4. O-O Nxe4 5. d4 Nd6 {So, the Berlin,
Variation, which has been very popular recently. Of course, in the main I had
prepared for the Rio de Janeiro variation, which Vladimir has played regularly
in recent times, but I also devoted some attention to the Berlin Wall.} (5...
Be7 6. Qe2 Nd6 7. Bxc6 bxc6 8. dxe5 Nb7) 6. Bxc6 dxc6 (6... bxc6 7. dxe5) 7.
dxe5 Nf5 8. Qxd8+ Kxd8 9. Nc3 Ke8 10. Ne2 {I decided to choose this rare
continuation, since in the main lines after 10.h3, Black has recently been
achieving good results. This was shown at the Olympiad itself, in the games
Caruana-Kramnik and Polgar-Karjakin.} Ne7 11. h3 Ng6 12. b3 h6 (12... Be7 13.
Bb2 a5 14. a4 c5 15. Nc3 Be6 16. Rad1 $14) 13. Bb2 c5 14. Rad1 Be6 15. Nc3 (15.
Nh2 $5 Be7 16. f4 Nh4 (16... Bf5 17. Ng3 Nh4 18. Nxf5 Nxf5 19. Rfe1 Rd8 20. Nf3
$14) 17. g4 g6 18. Nc3 $14) 15... Be7 (15... c6 16. Ne4 Rd8 17. Nfd2 Be7 18. f4
Nh4 19. g4 $16) 16. Nd5 Bd8 (16... Bxd5 17. Rxd5 Nf4 18. Rdd1 Rd8 19. Kh2 Ne6
20. Rfe1 $14) 17. c4 a5 18. a4 c6 19. Nc3 (19. Ne3 $5 Bc7 20. Nd2 $1 {I was
calculating the variation with Ne3, but I missed this strong move.} Nxe5 (20...
Rd8 21. Ne4 Rxd1 22. Rxd1 b6 23. Nd6+ Ke7 24. Nef5+ Kf8 25. f3 h5 26. Kf2 h4
27. Ke3 $14) 21. Ne4 f6 22. Nxc5 $16) 19... Be7 20. Ne4 Rd8 21. Rfe1 (21. Kh2
$5 Bf5 $132 22. Nfd2) 21... Rxd1 (21... b6 22. Nd6+ Kf8 23. Rd3 Nf4 24. Rd2 g5
25. Nh2 h5 26. Nf1 $14) 22. Rxd1 Nf4 (22... Bf5 23. Nd6+ (23. Re1 Kd8 24. e6 f6
25. Ng3 Bc2 26. Re3) 23... Bxd6 24. Rxd6 Nf4) 23. Ba3 $5 {Here I thought for a
long time, considering the many interesting variations given below. Also, at
this point it became clear that Karjakin of Russia had completely caught
Eljanov in a prepared line, and our team's position was bad. Therefore I
understood that I had to fight and do everything possible to save this very
difficult match against Russia.} (23. Kh2 $1 b6 24. Nd6+ Kf8 25. Ng1 $1 g5 26.
g3 Ng6 27. Ne2 h5 28. f3 $14) 23... b6 (23... Bf5 $5 {I spent most of my time
on precisely this continuation!} 24. Nd6+ $5 (24. Nxc5 $6 b6 $2 (24... Ne2+ $1
25. Kf1 (25. Kh2 Nc3 26. Rg1 Nb1 27. Nd4 Bh7 28. Rd1 Nxa3 29. Nxb7 c5 30. Nb5
Nxb5 31. axb5 Be4 32. Nxa5 Bd8 $15) 25... Nc3 26. Rc1 Nb1 $15) 25. Nb7 $1 Bxa3
26. Rd8+ $18) 24... Bxd6 25. exd6 Nd3 26. g4 Bh7 27. Rd2 b6 28. Re2+ Kd7 29.
Re7+ Kxd6 30. Rxf7 Rg8 31. Nd2 Ne5 32. Rb7 Nd7 33. f4 $132) 24. Nd6+ Kf8 25.
Kf1 (25. Kh2 $6 g5 26. Bc1 Ng6 27. g4 h5 $2 28. Kg3 $18) 25... g5 $5 (25... Ng6
26. Bb2 Kg8 27. Nd2 Kh7 28. N2e4 Rf8 29. Rd2 $14) 26. Bc1 Kg7 (26... Ng6 27. g4
Bd8 28. Kg2 Bc7 29. Kg3 $14) 27. Bxf4 (27. Nh4 {I thought a long time for this
move, but then decided against it. Though in this position is was the better
plan.} Bxd6 (27... gxh4 28. Bxf4 Rd8 29. Ke2 Kg6 30. Rd3 $14) 28. Rxd6 Nxh3 29.
Nf3 g4 30. Nh4 Ng5 31. Rxc6 Rd8 32. Ke2 Rb8 33. Ke3 $16) 27... gxf4 28. Nd2 $6
(28. Ke2 Rd8 29. Ne4 Rxd1 30. Kxd1 Bf5 31. Nfd2 {and White has better chances.}
) 28... Bxd6 $1 {Liquidating the strong knight just in time.} (28... f6 29.
exf6+ Bxf6 30. Re1 Bd7 31. Nf3 Kg6 32. Re4 $16 Bf5 33. Rxf4 Bc2 34. Ne4 Bg7 35.
Nfd2 $14) 29. exd6 Rd8 30. Ne4 f5 $2 {In mutual time-trouble, Vladimir commits
a serious strategic mistake.} (30... Bf5 $1 31. f3 f6 32. Kf2 Kf7 $11 {In this
position, neither side can strengthen their position and it is therefore drawn.
}) 31. Nc3 Kf6 32. Ke2 Bf7 33. d7 Bh5+ $2 {Practically the decisive mistake.} (
33... Ke6 34. f3 Rxd7 35. Rxd7 Kxd7 36. Kd3 Kd6 37. Ne2 Ke5 38. Kc3 Be8 39. h4
Bf7 40. Nc1 $16 {with good winning chances.}) 34. f3 Ke6 35. Ke1 $1 {This is
the resource that my opponent had overlooked. This was clear from his reaction
and the fact that he used up his last few minutes.} Bf7 36. Ne2 Ke5 37. Nc1 $1
{The white knight starts to attack the fixed black pawn weaknesses. Black's
position is close to being lost.} Be6 38. Nd3+ Kf6 39. Nxf4 Bxd7 40. Kf2 Ke7
41. Ng6+ Ke6 42. f4 Rb8 43. g4 $1 Be8 44. Nh4 $1 {The most accurate
realisation of the advantage. The knight now comes to f5, and the black king
is driven from the 6th rank, and White totally dominates.} fxg4 45. hxg4 b5 46.
Nf5 bxa4 47. bxa4 Rb4 48. Rd6+ Kf7 49. Rxh6 Rxa4 50. g5 Kg8 51. Nd6 (51. g6 $1
Rxc4 52. Kf3 Rc1 (52... Bd7 53. Ne7+ Kf8 54. Rh7 Be6 55. f5 $18) 53. g7 $18)
51... Bf7 52. Nxf7 Kxf7 53. f5 Rxc4 54. Kf3 Rb4 55. Rh7+ Kg8 56. g6 1-0